000
00445nam a2200145Ia 4500
008
100204s9999 xx 000 0 und d
082
_b
8790
100
_a
मंगेशकर गीता
245
_a
निर्धार
260
_b
"बांदोडकर पब्लिशिंग हाऊस, गोवा"
_c
1986
300
_a
170
630
_a
निर्धार
730
_a
निर्धार
942
_c
BOOK
999
_c
453226
_d
453223